01214nam a2200241 i 450000100060000000300090000600500170001500700030003200800410003504000140007610000380009024503130012825000880044126000540052930000200058370000480060370000580065170000440070974000490075385200250080299900170082795201280084468395ES-MaACL20251109144904.0t|940202s1852 sp ||||1| spa d aCAM bspa1 aGarcia Goyena, Florencio.920635710aFebrero, o Librería de jueces, abogados y escribanos b: comprensiva de los Códigos civil, criminal y administrativo, tanto en la parte teórica como en la práctica... / cpor... Florencio Garcia Goyena... y... Joaquin Aguirre ; corregida y aumentada por... Joaquin Aguirre y... Juan Manuel Montalban. a4ª ed. breformada y considerablemente aum. por D. José de Vicente y Caravantes. aMadrid : b[s.n.], c1852 (fImp. de Gaspar Roig) a6 v. ; c24 cm.1 aMontalbán, Juan Manuel,d1806-18899823371 aVicente y Caravantes, José, dca. 1820-188091336681 aAguirre, Joaquín, d1807-186991609540 aLibrería de jueces, abogados y escribanos. aES-MaACLjG-14392-97 c68395d68395 001040708LIBXIXaATENEOMbATENEOMcSPP3d2008-01-17eSCl0oG-14392-97p1071596r2023-02-23 00:00:00w2023-02-23yMONANT